<?xml version="1.0" encoding="UTF-8"?><?xml-stylesheet type="text/xsl" href="static/style.xsl"?><OAI-PMH xmlns="http://www.openarchives.org/OAI/2.0/" xmlns:xsi="http://www.w3.org/2001/XMLSchema-instance" xsi:schemaLocation="http://www.openarchives.org/OAI/2.0/ http://www.openarchives.org/OAI/2.0/OAI-PMH.xsd"><responseDate>2026-04-14T02:41:32Z</responseDate><request verb="GetRecord" identifier="oai:www.recercat.cat:2117/446381" metadataPrefix="marc">https://recercat.cat/oai/request</request><GetRecord><record><header><identifier>oai:recercat.cat:2117/446381</identifier><datestamp>2025-11-17T15:40:32Z</datestamp><setSpec>com_2072_1033</setSpec><setSpec>col_2072_452951</setSpec></header><metadata><record xmlns="http://www.loc.gov/MARC21/slim" xmlns:dcterms="http://purl.org/dc/terms/" xmlns:xsi="http://www.w3.org/2001/XMLSchema-instance" xmlns:doc="http://www.lyncode.com/xoai" xsi:schemaLocation="http://www.loc.gov/MARC21/slim http://www.loc.gov/standards/marcxml/schema/MARC21slim.xsd">
   <leader>00925njm 22002777a 4500</leader>
   <datafield ind2=" " ind1=" " tag="042">
      <subfield code="a">dc</subfield>
   </datafield>
   <datafield ind2=" " ind1=" " tag="720">
      <subfield code="a">Vello Garrido, Albert</subfield>
      <subfield code="e">author</subfield>
   </datafield>
   <datafield ind2=" " ind1=" " tag="260">
      <subfield code="c">2025-06</subfield>
   </datafield>
   <datafield ind2=" " ind1=" " tag="520">
      <subfield code="a">El presente Trabajo de Fin de Grado tiene como objetivo principal evaluar la eficacia de un método de optimización topológica basado en datos experimentales obtenidos mediante Correlación Digital de Imágenes (DIC), explorando una estrategia gradual con reducciones de masa progresivas del 10 % por etapa. Esta metodología se compara con el enfoque tradicional de optimización directa con reducción única del 50 %, aplicado en trabajos precedentes. El estudio se desarrolla mediante ensayos de flexión sobre probetas fabricadas en PLA mediante impresión 3D (tecnología FFF), cuyos desplazamientos se capturan utilizando un sistema óptico calibrado. A diferencia de estudios anteriores, en los que se impusieron desplazamientos, en esta ocasión se aplica una misma fuerza constante en cada ensayo, permitiendo así evaluar de forma más coherente la evolución estructural entre etapas. El análisis se complementa con simulaciones por el Método de los Elementos Finitos (FEM) en dos configuraciones de contacto: mediante medias cañas y mediante enlaces puntuales. Se realiza una comparación detallada entre los resultados experimentales (DIC progresivo y DIC directo) y los numéricos (FEM), tanto para probetas de 30 mm como de 90 mm. Los resultados muestran que la metodología iterativa no presenta mejoras evidentes respecto al método directo, especialmente en el caso de la probeta de 90 mm, donde incluso se observan divergencias más notables. A raíz de estas observaciones, se reformula parcialmente la hipótesis inicial, incorporando también desplazamientos en el eje X en futuras progresiones para mejorar la fidelidad del modelo. Este planteamiento abre nuevas líneas de investigación en el campo de la optimización híbrida basada en datos experimentales.</subfield>
   </datafield>
   <datafield ind1="8" ind2=" " tag="024">
      <subfield code="a">http://hdl.handle.net/2117/446381</subfield>
   </datafield>
   <datafield tag="653" ind2=" " ind1=" ">
      <subfield code="a">Àrees temàtiques de la UPC::Enginyeria mecànica</subfield>
   </datafield>
   <datafield tag="653" ind2=" " ind1=" ">
      <subfield code="a">Àrees temàtiques de la UPC::Enginyeria dels materials</subfield>
   </datafield>
   <datafield tag="653" ind2=" " ind1=" ">
      <subfield code="a">Structural analysis (Engineering)</subfield>
   </datafield>
   <datafield tag="653" ind2=" " ind1=" ">
      <subfield code="a">Finite element method</subfield>
   </datafield>
   <datafield tag="653" ind2=" " ind1=" ">
      <subfield code="a">Three-dimensional printing</subfield>
   </datafield>
   <datafield tag="653" ind2=" " ind1=" ">
      <subfield code="a">Estructures, Teoria de les</subfield>
   </datafield>
   <datafield tag="653" ind2=" " ind1=" ">
      <subfield code="a">Elements finits, Mètode dels</subfield>
   </datafield>
   <datafield tag="653" ind2=" " ind1=" ">
      <subfield code="a">Impressió 3D</subfield>
   </datafield>
   <datafield ind2="0" ind1="0" tag="245">
      <subfield code="a">Optimización topológica a partir de medidas progresivas del campo de desplazamiento</subfield>
   </datafield>
</record></metadata></record></GetRecord></OAI-PMH>